Normal view MARC view

Entry Personal Name

Number of records used in: 2

001 - CONTROL NUMBER

  • control field: 22056

003 - CONTROL NUMBER IDENTIFIER

  • control field: dpl

005 - DATE AND TIME OF LATEST TRANSACTION

  • control field: 20100927150741.0

008 - FIXED-LENGTH DATA ELEMENTS

  • fixed length control field: 100927|||a|||||| | ||| d

040 ## - CATALOGING SOURCE

  • Original cataloging agency: dpl
  • Transcribing agency: dpl

100 ## - HEADING--PERSONAL NAME

  • Personal name: ठक्कर,पुष्पा

670 ## - SOURCE DATA FOUND

  • Source citation: Work cat.: (dpl): मर्फी,जोसेफ 21959, पॉवर ऑफ युवर सबकॉन्शस माईंड /, 2010

670 ## - SOURCE DATA FOUND

  • Source citation: Work cat.: (dpl): मर्फी,जोसेफ 21959, पॉवर ऑफ युवर सबकॉन्शस माईंड /, 2010

© Delhi Public Library
Hit Counter
free hit counter